[Event "Messina op-B 1st"]
[Site "Messina"]
[Date "2011.08.29"]
[Round "2"]
[White "Zampaglione, Davide"]
[Black "Zarzaca, Antonio"]
[Result "1-0"]
[WhiteElo "1671"]
[BlackElo "1568"]
[PlyCount "120"]
[EventDate "2011.08.28"]
[EventType "swiss"]
[EventRounds "3"]
[EventCountry "ITA"]
[SourceTitle "EXT 2024"]
[Source "ChessBase"]
[SourceDate "2023.10.10"]
[SourceVersion "1"]
[SourceVersionDate "2023.10.10"]
[SourceQuality "1"]

1. d4 e6 2. Nd2 f5 3. Ngf3 Nf6 4. e3 Ne4 5. Ne5 Qh4 6. g3 Qh6 7. Nxe4 fxe4 8. Bg2 d6 9. Nc4 Nc6 10. Nd2 d5 11. c4 Nb4 12. 0-0 Nd3 13. Qe2 Bd6 14. a3 0-0 15. f4 g5 16. c5 Be7 17. Nb3 Qh5 18. Bd2 Rf6 19. Nc1 Rh6 20. Nxd3 Qxh2+ 21. Kf2 exd3 22. Qxd3 gxf4 23. exf4 Qh5 24. Rh1 Qg6 25. f5 Qxf5+ 26. Qxf5 exf5 27. Rxh6 Bf8 28. Bxd5+ Kh8 29. Rh2 f4 30. Bxf4 c6 31. Rah1 Bf5 32. Be5+ Bg7 33. Bxg7+ Kxg7 34. Bf3 Rf8 35. Ke3 Bg6 36. Be4 Re8 37. Rh4 h5 38. Kd3 Bxe4+ 39. Rxe4 Rf8 40. Rxh5 Kg6 41. Rhe5 Rf3+ 42. Re3 Rf2 43. Re2 Rf3+ 44. R5e3 Rf5 45. Re6+ Kf7 46. Re7+ Kf8 47. Rxb7 Rf3+ 48. Kd2 Rxg3 49. Rf2+ Kg8 50. Re2 Kf8 51. Ree7 Rg2+ 52. Kc3 Rg3+ 53. Kc4 a5 54. Rec7 Re3 55. Rb8+ Re8 56. Rxe8+ Kxe8 57. d5 Kd8 58. d6 Ke8 59. Kd4 Kd8 60. Ke5 Ke8 1-0

[Event "St Eufemia d'Aspromonte op-B 4th"]
[Site "St Eufemia d'Aspromonte"]
[Date "2011.01.04"]
[Round "5"]
[White "Zarzaca, Antonio"]
[Black "Battaglia, Domenica"]
[Result "1-0"]
[WhiteElo "1502"]
[BlackElo "1509"]
[PlyCount "61"]
[EventDate "2011.01.02"]
[EventType "swiss"]
[EventRounds "8"]
[EventCountry "ITA"]
[SourceTitle "EXT 2013"]
[Source "ChessBase"]
[SourceDate "2012.11.22"]
[SourceVersion "1"]
[SourceVersionDate "2012.11.22"]
[SourceQuality "1"]

1. f4 e6 2. Nf3 d5 3. b3 Nf6 4. Bb2 Nc6 5. e3 Bd6 6. Bb5 Bd7 7. 0-0 0-0 8. Qe1 Nb4 9. Bd3 Nxd3 10. cxd3 c5 11. Be5 Be7 12. Nc3 Be8 13. Qg3 Nh5 14. Qh3 f6 15. g4 fxe5 16. gxh5 exf4 17. Ne5 Rf5 18. exf4 Bxh5 19. Rf2 Bd6 20. Nxd5 Bxe5 21. fxe5 Qg5+ 22. Rg2 Qd8 23. Ne3 Rxe5 24. Qg3 Qf6 25. Rf1 Rf5 26. Nxf5 exf5 27. Rxf5 Qd4+ 28. Rgf2 Bg6 29. R5f4 Qxd3 30. Qg4 Re8 31. Qe6+ 1-0